Normal view
MARC view
Entry Personal Name
001 - CONTROL NUMBER
- control field: 1237330
003 - CONTROL NUMBER IDENTIFIER
- control field: OSt
005 - DATE AND TIME OF LATEST TRANSACTION
- control field: 20260430150401.0
008 - FIXED-LENGTH DATA ELEMENTS
- fixed length control field: 260430|| aca||aabn | a|a d
040 ## - CATALOGING SOURCE
- Original cataloging agency: OSt
- Transcribing agency: OSt
100 ## - HEADING--PERSONAL NAME
- Personal name: Aditi Au.; Jha P.C. Gu.; Govindan Kannan Gu
670 ## - SOURCE DATA FOUND
- Source citation: Work cat.: (OSt)1849654: Aditi Au.; Jha P.C. Gu.; Govindan Kannan Gu., Strategic Buyer-Supplier Collaboration Decision Models for Sustainable Supply Chain Management of Indian Electronic Manufacturing Industry, 2023
